Los funerales de la mamá grande

Gespeichert in:
Bibliographische Detailangaben
1. Verfasser: García Márquez, Gabriel (VerfasserIn)
Format: Buch
Sprache:Spanisch
Veröffentlicht: Buenos Aires Sudamericana 1992
Ausgabe:27a. ed
Schlagworte:
Tags: Tag hinzufügen
Keine Tags, Fügen Sie den ersten Tag hinzu!

MARC

LEADER 00000nam a2200000 a 4500
001 UCH3793
003 CL-VaPUC
008 090818e19920000AG |||||||||||||||||spa|d
020 |a 9500700913 
082 0 4 |a Co863  |b GAR  |2 21 
100 0 |a García Márquez, Gabriel  |e author  |9 318478 
245 1 4 |a Los funerales de la mamá grande 
250 |a 27a. ed 
300 |a 195 p 
942 |c BK 
945 |d 20090818 00:00:00  |a lazolas 
260 |a Buenos Aires  |b Sudamericana  |c 1992 
650 0 |a Cuentos colombianos   |9 317132 
583 |a last modification  |c 20090818 00:00:00  |k Rodrigo Vera 
999 |c 335224  |d 335222